|
|
|
|
| LEADER |
00000naa2a2200000 4500 |
| 001 |
604702 |
| 005 |
20260216141633.0 |
| 035 |
|
|
|a (RuTPU)RU\TPU\conf\1982
|
| 035 |
|
|
|a RU\TPU\conf\1981
|
| 090 |
|
|
|a 604702
|
| 100 |
|
|
|a 20140318d2013 k y0rusy50 ca
|
| 101 |
0 |
|
|a rus
|
| 102 |
|
|
|a RU
|
| 135 |
|
|
|a arnn ---uucaa
|
| 181 |
|
0 |
|a i
|
| 182 |
|
0 |
|a b
|
| 200 |
1 |
|
|a Геофизическая характеристика пласта М1 в доюрских отложениях Арчинского газонефтяного месторождения
|f А. В. Галонюк
|g науч. рук. Г. Г. Номоконова
|
| 203 |
|
|
|a Текст
|c электронный
|
| 225 |
1 |
|
|a Геофизические методы исследования земли и поисков и разведки месторождений полезных ископаемых. Геоинформационные системы в геофизических исследованиях
|
| 300 |
|
|
|a Заглавие с экрана
|
| 337 |
|
|
|a Adobe Reader
|
| 461 |
|
1 |
|0 (RuTPU)RU\TPU\conf\37
|t Проблемы геологии и освоения недр
|o труды XVII Международного симпозиума имени академика М. А. Усова студентов и молодых ученых, Томск, 1-5 апреля 2013 г.
|o в 2 т.
|f Национальный исследовательский Томский политехнический университет (ТПУ), Институт природных ресурсов (ИПР) ; Общество инженеров-нефтяников, Студенческий чаптер ; под ред. А. Ю. Дмитриева
|d 2013
|
| 463 |
|
1 |
|0 (RuTPU)RU\TPU\conf\38
|t Т. 1
|v [С. 367-369]
|d 2013
|
| 610 |
1 |
|
|a труды учёных ТПУ
|
| 610 |
1 |
|
|a электронный ресурс
|
| 610 |
1 |
|
|a геофизические характеристики
|
| 610 |
1 |
|
|a пласты
|
| 610 |
1 |
|
|a доюрские отложения
|
| 610 |
1 |
|
|a Арчинское газонефтяное месторождение
|
| 610 |
1 |
|
|a углеводороды
|
| 700 |
|
1 |
|a Галонюк
|b А. В.
|
| 702 |
|
1 |
|a Номоконова
|b Г. Г.
|c геолог
|c доцент Томского политехнического университета, кандидат геолого-минералогических наук
|f 1942-
|g Галина Георгиевна
|4 727
|
| 712 |
0 |
2 |
|a Национальный исследовательский Томский политехнический университет (ТПУ)
|b Институт природных ресурсов (ИПР)
|b Кафедра геофизики (ГЕОФ)
|3 (RuTPU)RU\TPU\col\18667
|
| 801 |
|
2 |
|a RU
|b 63413507
|c 20230314
|g RCR
|
| 856 |
4 |
|
|u http://www.lib.tpu.ru/fulltext/c/2013/C11/V1/177.pdf
|
| 942 |
|
|
|c CF
|